000 00998nac a22003137a 4500
001 BR9300548
003 BR-BrBNA
005 20240105121348.0
008 230509b bl.|||m| |||| 00| 0 por d
040 _aBR-BrBNA
_bpor
_cBiblioteca Nacional de Agricultura
072 _aH10
090 _a0230 BR9300548
100 1 _aQuindere, M.A.W.
100 1 _aCarlos Filho, F.
110 1 _aEmpresa de Pesquisa Agropecuaria do Ceara, Fortaleza (Brasil)
245 1 _aInfestacao da broca em variedades de cana-de-acucar, em Barbalha CE - Resultados de cana de 2. soca
260 3 _aFortaleza, CE (Brasil):
_c1993.
300 _a5 p.
490 _aComunicado Tecnico - Empresa de Pesquisa Agropecuaria do Ceara (Brazil)
_vno. 41
_xISSN 0100-8560
500 _aSummary (Pt)
650 _aCana de Acucar
650 _aBroca
650 _aInfestacao
650 _aVariedade
650 _aSoca
650 _aCeara
909 _a202312
_bLúcia Elande
_c55
_dLúcia Elande
942 _2AGRIS
_n0
_cMS
999 _c284868
_d284868